00421nam a2200157Ia 4500008004100000020001500041082001400056100002200070245003200092250000800124260004100132300002900173500001900202600002700221650001500248240925s9999 xx 000 0 und d a9812530606 a629.8 NIS aNise, Norman . S 0aControl Systems Engineering a4th aNew York:bJohn Wiley & Sonsc,2004. axvi,405p.bNAfPhotocopy aIncludes Index aEngineering Technology aTechnology